000 00934nam a2200289 i 4500
003 EG-GICUC
005 20260228064736.0
008 260228s1962 -us||||fr|||| 00| 0 eng d
040 _aEG-GiCUC
_beng
_cEG-GiCUC
_dEG-GiCUC
_erda
041 0 _aeng
082 0 4 _221
_a341.64
_bNE
092 0 4 _221
099 _aLaw1 11 341.64 NE 1962
245 0 0 _aNeutralism And Nonalignment :
_bThe New States In World Affairs /
_cEdited By Laurence W. Martin.
264 1 _aNew York :
_bFrederick A. Praeger,
_c1962.
300 _a250 pages,
_c22 cm
336 _2rda content
_atext
337 _2rda media
_aComputer
338 _2rda carrier
_aOnline Resource
504 _aIncludes bibliographical references.
546 _aText in English
650 1 4 _aPublic international law
700 1 _aMartin, Laurence W
_eeditor.
856 4 0 _uhttps://fll.law.cu.edu.eg/fulltext/bks/B11-08397.pdf
905 _a48
942 _2ddc
_cBK
_e21
_n0
999 _c64314
_d64314